| 000 | 01788cad a22002535a 4500 | ||
|---|---|---|---|
| 001 | L160111 | ||
| 008 | 100611s2009 xxk f 000 0 eng d | ||
| 035 | _a(Sirsi) u160111 | ||
| 041 | 0 | _aeng | |
| 110 | 2 | _aFederation International Des Geometres | |
| 111 | 2 |
_aFIG Regional Conference _bHanoi, Vietnam _d19-22 October 2009 |
|
| 245 | 0 | 4 |
_aThe economic benefits of hydrography and ocean mapping _h[electronic resource] |
| 260 |
_aHanoi _bFIG _c2009 |
||
| 520 | _aTo generate discussion around the need and justification for the development and sustained use of hydrographic services to support and expand a national, regional or local economy, this paper sets out to examine the current status of hydrography in several areas in relation to a number of disciplines and user groups. The use and benefit form Hydrographic data and products for stakeholders are often promoted however there appear to be few direct and tangible outcomes rather than simply vague links and indirect consequences. This paper aims to offer a summary of some example assessments. The paper offers some thoughts on how modern Hydrographic data and products as well as the Hydrographic community could influence and aid in the strategic development of areas and regions by working with the various stake holders. | ||
| 521 | _aAdvanced | ||
| 590 | _aKA | ||
| 650 | 2 | 4 |
_aHYDROGRAPHY _96245 |
| 651 | 4 | _aInternational | |
| 690 |
_aHydrography _96245 |
||
| 700 | 1 | _aJohnston, G. | |
| 856 | 4 | 0 |
_uhttps://www.rics.org/Global/Downloads/The_Economic_Benefits_of_Hydrography_gordon_johnston.pdf _zView the presentation free of charge at www.rics.org |
| 856 | 4 | 0 |
_uhttps://www.rics.org/Global/Downloads/The_Economic_Benefits_of_Hydrography_gordon_johnston.pdf _zView the paper free of charge at fig.net |
| 942 | _n0 | ||
| 999 |
_c116226 _d116226 |
||